000 00728nam a2200277Ia 4500
008 160803s9999 xx 000 0 und d
020 _a9780590424608
100 _aLester, Julius
245 _aTo be a slave /
245 _ccompiled by Julius Lester ; illustrated by Tom Feelings.
260 _aNew York :
260 _bScholastic Inc.
260 _c1968
300 _a160 pages :
300 _billustrations ;
300 _c18 cm
650 _aSlaves --
650 _aSlaves -- United States --
650 _aSlaves -- United States --
650 _aSlaves.
650 _aUnited States.
650 _xBiography.
650 _xSocial conditions.
650 _xSocial conditions.
700 _a1080
999 _c299822
_d299822